| 000 | 01335nam a2200241Ia 4500 | ||
|---|---|---|---|
| 003 | Ost | ||
| 005 | 20260507075037.0 | ||
| 008 | 260507s9999||||xx |||||||||||||| ||und|| | ||
| 040 | _cfsecg | ||
| 041 | _aara | ||
| 082 | _a330 | ||
| 100 |
_aالعتيبي، صبحي _eمؤلف |
||
| 245 | 0 |
_aتطور الفكر والأنشطة الإدارية / _c صبحي العتيبي |
|
| 260 |
_aعمان: _bدار ومكتبة الحامد, _c2002 |
||
| 300 |
_a345 صفحة؛ _c24 سم |
||
| 504 | _aببلوغرافيا ص.343 | ||
| 520 | _aنشأة وتطور مفهوم الإدارة-مدارس الفكر الإداري-العملية الإدارية-أنشطة الوظائف الإدارية-الممارسات والسلوكيات الإدارية-المنظمات-البيئة-وظائف المشروع الرئيسية في منظمات الأعمال-إدارة الإنتاج-إدارة المواد-إدارة التسويق والمبيعات-نظم المعلومات في الإدارة-الرقابة الإدارية -العلاقات العامة-الوظيفة المالية-إدارة الموارد البشرية | ||
| 653 | _aالإدارة | ||
| 653 | _aالتسويق | ||
| 653 | _aالقوى العاملة | ||
| 653 | _aنظم المعلومات- المؤسسة الممتدة | ||
| 942 | _cكتاب | ||
| 999 |
_c42464 _d42464 |
||